000
00321nam a22001337a 4500
008
180226b xxu||||| |||| 00| 0 eng d
020
_a
9780435085988
041
_a
eng
080
_a
37
100
_a
25
101
_a
EDU
245
_a
SEEKING DIVERSITYY LANGUAGE ARTS WITH ADOLESCENTS
_c
LINDA.R
942
_2
udc
_c
BK
999
_c
43499
_d
43499